00656nam a2200193Ia 450000100060000000800410000608200130004710000380006024500700009825000140016826000430018230000270022565300120025265300140026465300200027894200120029895201350031099900170044529803170213s ii a g b000 u 346 u a891.4437 aChakraborty, Anilendu .,eAuthor. 0aBangla Sahityer Galpa /cAnilendu Chakraborty.hTextual Documents a1st ed. / aCalcutta :bMaitreyi Publishers ,cnd. a161p. :bill ;c17cm . aBengali aG-Bengali aBengali fiction 2ddccBK 001040708General aSKBLbSKBLcG-Bengalid2012-02-01f00000l0o891.4437 C 349 Bp25419r2024-01-14 00:00:00t1w2012-02-01yBK c29785d29785